000 00399 a2200121 4500
001 ART_37970
005 20260410161751.0
008 260409a
245 1 0 _aImpuesto a las ganancias. Compraventa de acciones en el exterior. Personas físicas
100 1 _aPerelli, Eduardo
700 1 _aSchwartzman, Daniel M.
773 0 _tDoctrina tributaria
_g- Nº 424 (jul. 2015)
_wREV4296
999 _c19666
_d19666